Google : Tipy a návody pro vyhledávač, Gmail, YouTube, Earth a další aplikace
Uložené v:
| Hlavný autor: | |
|---|---|
| Médium: | Kniha |
| Jazyk: | Czech |
| Vydavateľské údaje: |
Brno :
Computer Press,
2008
|
| Predmet: | |
| Tagy: |
Žiadne tagy, Buďte prvý, kto otaguje tento záznam!
|
MARC
| LEADER | 00000nam a22000003a 4500 | ||
|---|---|---|---|
| 001 | stu177870 | ||
| 005 | 20150617230107.0 | ||
| 008 | 090114s2008----xr------------------cze-d | ||
| 020 | |a 978-80-251-1833-7 | ||
| 040 | |a STU |b slo | ||
| 041 | 0 | |a cze | |
| 044 | |a xr | ||
| 080 | |a 004.738.5 | ||
| 080 | |a 004.659 | ||
| 080 | |a 658.114 | ||
| 100 | 1 | |a Iskra, Jiří |4 aut | |
| 245 | 1 | |a Google : |b Tipy a návody pro vyhledávač, Gmail, YouTube, Earth a další aplikace | |
| 260 | |a Brno : |b Computer Press, |c 2008 | ||
| 300 | |a 231 s | ||
| 650 | 7 | |a Google |2 stusub | |
| 650 | 7 | |a internet |2 stusub | |
| 650 | 7 | |a počítačový priemysel |2 stusub | |
| 650 | 7 | |a podnikanie |2 stusub | |
| 996 | |b 284EK87826 |c E*87826 |l EE30 |s P |a 0 |w stu177870_0001 | ||